[Event "GRE-chT 43rd"]
[Site "Porto Rio"]
[Date "2015.10.10"]
[Round "5.8"]
[White "Theofilopoulos, Aristotelis"]
[Black "Dorfanis, Ilarion"]
[Result "1/2-1/2"]
[WhiteElo "2194"]
[BlackElo "2153"]
[PlyCount "61"]
[EventDate "2015.10.08"]
[EventType "team-swiss"]
[EventRounds "7"]
[EventCountry "GRE"]
[SourceTitle "CBM 168 Extra"]
[Source "ChessBase"]
[SourceDate "2015.10.29"]
[SourceVersion "1"]
[SourceVersionDate "2015.10.29"]
[SourceQuality "1"]
[WhiteTeam "Polichnis"]
[BlackTeam "Kavalas OFS"]
[WhiteTeamCountry "GRE"]
[BlackTeamCountry "GRE"]

1. d4 Nf6 2. Nf3 d5 3. g3 c5 4. Bg2 cxd4 5. 0-0 g6 6. Nxd4 Bg7 7. c4 0-0 8. Qb3 e5 9. Nb5 a6 10. N5a3 d4 11. Bxb7 Ra7 12. Bg2 Bf5 13. c5 Qc7 14. Bd2 Nbd7 15. c6 Nc5 16. Qc4 Nce4 17. f3 Nxd2 18. Nxd2 Qb6 19. Nb3 d3+ 20. Kh1 dxe2 21. Qxe2 Qxc6 22. Rac1 Qb6 23. Nc4 Qb5 24. Qe3 Rd7 25. a4 Qb4 26. Nc5 Rd4 27. Nxa6 Qxa4 28. Nc5 Qb4 29. Na6 Qa4 30. Nc5 Qb4 31. Na6 1/2-1/2

[Event "GRE-chT 43rd"]
[Site "Porto Rio"]
[Date "2015.10.08"]
[Round "1.7"]
[White "Theofilopoulos, Aristotelis"]
[Black "Grigorov, Grigor"]
[Result "0-1"]
[WhiteElo "2194"]
[BlackElo "2495"]
[PlyCount "96"]
[EventDate "2015.10.08"]
[EventType "team-swiss"]
[EventRounds "7"]
[EventCountry "GRE"]
[SourceTitle "CBM 168 Extra"]
[Source "ChessBase"]
[SourceDate "2015.10.29"]
[SourceVersion "1"]
[SourceVersionDate "2015.10.29"]
[SourceQuality "1"]
[WhiteTeam "Polichnis"]
[BlackTeam "Orekastro Marion"]
[WhiteTeamCountry "GRE"]
[BlackTeamCountry "GRE"]

1. d4 Nf6 2. Nf3 g6 3. Nc3 d5 4. Bf4 Bg7 5. h3 0-0 6. e3 c5 7. Bd3 Nc6 8. 0-0 b6 9. Bb5 Bb7 10. Bxc6 Bxc6 11. Ne5 Bb7 12. a4 Qc8 13. Re1 Ne4 14. Nxe4 dxe4 15. h4 Rd8 16. c3 f6 17. Ng4 h5 18. Nh2 e5 19. Bg3 Qe6 20. f3 f5 21. fxe4 exd4 22. exd4 cxd4 23. exf5 Qxf5 24. Re7 dxc3 25. Qb3+ Bd5 26. Rxg7+ Kxg7 27. Qxc3+ Kg8 28. Rf1 Rac8 29. Qa3 Qc2 30. Nf3 Qc5+ 31. Qxc5 Rxc5 32. Ne1 Be4 33. Rf4 Re8 34. Rf6 Rc6 35. Rf2 Rc1 36. Rd2 Bc6 37. Rd6 Rcxe1+ 38. Bxe1 Rxe1+ 39. Kf2 Rc1 40. Rxg6+ Kf8 41. a5 Be8 42. Rg5 Rc5 43. Rg3 Rxa5 44. Rf3+ Bf7 45. Ke3 Ra4 46. g3 Rb4 47. Rf2 Ke7 48. Rd2 a5 0-1

[Event "GRE-chT 41st"]
[Site "Achaia"]
[Date "2013.07.07"]
[Round "7.1"]
[White "Theofilopoulos, Aristotelis"]
[Black "Maier, Christian"]
[Result "1/2-1/2"]
[WhiteElo "2192"]
[BlackElo "2360"]
[PlyCount "61"]
[EventDate "2013.07.02"]
[EventType "team-swiss"]
[EventRounds "7"]
[EventCountry "GRE"]
[SourceTitle "CBM 155 Extra"]
[Source "ChessBase"]
[SourceDate "2013.08.26"]
[SourceVersion "1"]
[SourceVersionDate "2013.08.26"]
[SourceQuality "1"]
[WhiteTeam "Polichnis"]
[BlackTeam "Egaleo CN"]
[WhiteTeamCountry "GRE"]
[BlackTeamCountry "GRE"]

1. d4 Nf6 2. Nf3 e6 3. Bf4 c5 4. e3 b6 5. Nbd2 Bb7 6. Bd3 Be7 7. h3 d6 8. c3 cxd4 9. cxd4 0-0 10. 0-0 Nc6 11. a3 Rc8 12. Rc1 a6 13. b4 e5 14. Bh2 Nxb4 15. axb4 e4 16. Be2 exf3 17. Bxf3 Bxf3 18. Qxf3 d5 19. Be5 Bxb4 20. Nb3 Rc4 21. Bxf6 gxf6 22. e4 Qd6 23. exd5 Rfc8 24. Rxc4 Rxc4 25. Rc1 Rxc1+ 26. Nxc1 a5 27. Nd3 a4 28. Nxb4 Qxb4 29. Qg4+ Kf8 30. Qc8+ Kg7 31. Qg4+ 1/2-1/2

[Event "GRE-chT 40th"]
[Site "Achaia"]
[Date "2012.07.03"]
[Round "5.10"]
[White "Guramishvili, Sopiko"]
[Black "Theofilopoulos, Aristotelis"]
[Result "1-0"]
[WhiteElo "2408"]
[BlackElo "2188"]
[PlyCount "89"]
[EventDate "2012.06.30"]
[EventType "team-swiss"]
[EventRounds "7"]
[EventCountry "GRE"]
[SourceTitle "CBM 149 Extra"]
[Source "ChessBase"]
[SourceDate "2012.08.24"]
[SourceVersion "1"]
[SourceVersionDate "2012.08.24"]
[SourceQuality "1"]
[WhiteTeam "Elefsinas STM"]
[BlackTeam "Polichnis"]
[WhiteTeamCountry "GRE"]
[BlackTeamCountry "GRE"]

1. d4 d5 2. c4 c6 3. Nf3 Nf6 4. Nbd2 e6 5. g3 Be7 6. Bg2 Nbd7 7. 0-0 0-0 8. Qc2 Re8 9. e4 dxe4 10. Nxe4 Nxe4 11. Qxe4 Bf6 12. Rd1 c5 13. Be3 Qe7 14. Qc2 cxd4 15. Nxd4 Bxd4 16. Bxd4 a5 17. c5 e5 18. Be3 Nb8 19. Be4 h6 20. Rd6 Ra6 21. Rxa6 Nxa6 22. Qa4 Rd8 23. Qxa5 f5 24. Bg2 g5 25. Re1 Qf6 26. Bd2 e4 27. Bc3 Qf8 28. Qb6 Kh7 29. g4 Nxc5 30. Bb4 Nd7 31. Qb5 Qf7 32. Rc1 Nf8 33. Qa5 Rd5 34. Qa8 Qd7 35. Qxc8 Rd1+ 36. Bf1 Qxc8 37. Rxc8 Ng6 38. Rc7+ Kg8 39. gxf5 Nf4 40. f6 Ne2+ 41. Kg2 Nf4+ 42. Kg3 Nh5+ 43. Kh3 Nf4+ 44. Kg4 h5+ 45. Kxg5 1-0

[Event "GRE-chT 40th"]
[Site "Achaia"]
[Date "2012.07.02"]
[Round "4.12"]
[White "Theofilopoulos, Aristotelis"]
[Black "Dounis, Alexandros"]
[Result "1-0"]
[WhiteElo "2188"]
[BlackElo "2262"]
[PlyCount "99"]
[EventDate "2012.06.30"]
[EventType "team-swiss"]
[EventRounds "7"]
[EventCountry "GRE"]
[SourceTitle "CBM 149 Extra"]
[Source "ChessBase"]
[SourceDate "2012.08.24"]
[SourceVersion "1"]
[SourceVersionDate "2012.08.24"]
[SourceQuality "1"]
[WhiteTeam "Polichnis"]
[BlackTeam "Pan GA"]
[WhiteTeamCountry "GRE"]
[BlackTeamCountry "GRE"]

1. d4 Nf6 2. Nf3 g6 3. Bf4 Bg7 4. h3 0-0 5. e3 d6 6. Bc4 Nbd7 7. c3 Qe8 8. 0-0 e5 9. Bh2 b6 10. Bb5 Qe7 11. Bc6 Rb8 12. Qa4 a6 13. c4 b5 14. cxb5 Nb6 15. Qc2 Nfd5 16. dxe5 dxe5 17. a3 axb5 18. Bxb5 e4 19. Nd4 Qg5 20. Qxe4 Bxh3 21. Bg3 Bc8 22. Bc6 Nf6 23. Qh4 Qxh4 24. Bxh4 Nc4 25. b4 Ne5 26. Nc3 Ba6 27. Bb5 Bb7 28. Bg3 Ne4 29. Nxe4 Bxe4 30. Rac1 Ra8 31. f3 Bd5 32. Rc5 Rfd8 33. a4 Ra7 34. Rd1 Bxf3 35. gxf3 Nxf3+ 36. Kg2 Nxd4 37. exd4 Bf8 38. Rxc7 Rxc7 39. Bxc7 Rc8 40. Be5 Bxb4 41. d5 Rc5 42. Bf6 Rc2+ 43. Kf3 Bc5 44. Be2 Bd6 45. a5 g5 46. Bxg5 Ra2 47. a6 Kg7 48. Be3 Kg6 49. Bd3+ f5 50. Rb1 1-0

[Event "GRE-chT 34th"]
[Site "Ermioni Argolidas"]
[Date "2005.07.08"]
[Round "5"]
[White "Skembris, Spyridon"]
[Black "Theofilopoulos, Aristotelis"]
[Result "1-0"]
[WhiteElo "2436"]
[BlackElo "2198"]
[PlyCount "51"]
[EventDate "2005.07.04"]
[EventType "team"]
[EventRounds "9"]
[EventCountry "GRE"]
[SourceTitle "CBM 107 Extra"]
[Source "ChessBase"]
[SourceDate "2005.09.01"]
[SourceVersion "1"]
[SourceVersionDate "2005.09.01"]
[SourceQuality "1"]

1. d4 d5 2. c4 e6 3. Nf3 Nf6 4. Bg5 Be7 5. Nc3 h6 6. Bh4 0-0 7. e3 b6 8. Rc1 Bb7 9. Bxf6 Bxf6 10. cxd5 exd5 11. b4 c6 12. Be2 Qd6 13. Qb3 Re8 14. 0-0 Nd7 15. Rfd1 Be7 16. b5 c5 17. dxc5 Nxc5 18. Qb1 Qe6 19. Nd4 Qf6 20. Nc6 Ne4 21. Nxe4 dxe4 22. Rc4 Bc5 23. Rxe4 Bxc6 24. Rf4 Qe7 25. bxc6 Bxe3 26. fxe3 1-0

[Event "GRE-chT 34th"]
[Site "Ermioni Argolidas"]
[Date "2005.07.04"]
[Round "1"]
[White "Koumanis, Stamatis"]
[Black "Theofilopoulos, Aristotelis"]
[Result "1/2-1/2"]
[WhiteElo "2121"]
[BlackElo "2198"]
[PlyCount "102"]
[EventDate "2005.07.04"]
[EventType "team"]
[EventRounds "9"]
[EventCountry "GRE"]
[SourceTitle "CBM 107 Extra"]
[Source "ChessBase"]
[SourceDate "2005.09.01"]
[SourceVersion "1"]
[SourceVersionDate "2005.09.01"]
[SourceQuality "1"]

1. e4 c5 2. Nc3 e6 3. g3 Nc6 4. Bg2 g6 5. f4 Bg7 6. Nf3 Nge7 7. 0-0 d6 8. d3 0-0 9. Be3 Nd4 10. Qd2 Rb8 11. Nd1 b5 12. c3 Nxf3+ 13. Bxf3 Qc7 14. d4 f5 15. Nf2 Bb7 16. Rad1 Rbd8 17. Qe2 a6 18. dxc5 dxc5 19. c4 bxc4 20. Qxc4 Bxb2 21. Qxc5 Rc8 22. Qd6 Kf7 23. Bb6 Qxd6 24. Rxd6 Ba3 25. Rd7 Bc6 26. Rd3 Rb8 27. Rxa3 Rxb6 28. Re1 Rd8 29. Nd3 Bxe4 30. Bxe4 fxe4 31. Rxe4 Nf5 32. g4 Rd4 33. Rxd4 Nxd4 34. Kf2 Ke7 35. Ra4 Nb5 36. Rb4 Rc6 37. Ke3 Rc2 38. a4 Nc7 39. Rb7 Kd7 40. Rb2 Nd5+ 41. Kf3 Rc3 42. Ke4 Kd6 43. Ne5 Rc1 44. Rb7 Rf1 45. Rd7+ Kc5 46. Nd3+ Kc4 47. g5 Nc3+ 48. Ke3 Nd5+ 49. Ke4 Nc3+ 50. Ke3 Nd5+ 51. Ke4 Nc3+ 1/2-1/2

[Event "GRE-chT 30th"]
[Site "Athens"]
[Date "2001.??.??"]
[Round "1"]
[White "Skembris, Spyridon"]
[Black "Theofilopoulos, Aristotelis"]
[Result "1-0"]
[WhiteElo "2485"]
[BlackElo "2255"]
[PlyCount "65"]
[EventDate "2001.07.07"]
[EventType "team"]
[EventRounds "9"]
[EventCountry "GRE"]
[SourceTitle "CBM 085 Extra"]
[Source "ChessBase"]
[SourceDate "2002.01.21"]
[SourceVersion "1"]
[SourceVersionDate "2002.01.21"]
[SourceQuality "1"]

1. d4 d5 2. c4 e6 3. Nc3 Nf6 4. Bg5 Be7 5. e3 h6 6. Bh4 0-0 7. Nf3 b6 8. Rc1 Bb7 9. Bxf6 Bxf6 10. cxd5 exd5 11. b4 Qd6 12. b5 Nd7 13. Be2 Rfc8 14. 0-0 Nf8 15. Qb3 Ng6 16. Bd3 Ne7 17. Rfd1 Qd7 18. h3 g6 19. Ne5 Bxe5 20. dxe5 Qe6 21. f4 c5 22. bxc6 Rxc6 23. Nb5 Rxc1 24. Rxc1 Rc8 25. Rd1 a5 26. Nd6 Rb8 27. Qxb6 d4 28. Qc7 Bxg2 29. Qxb8+ Kh7 30. Kxg2 Qxa2+ 31. Kh1 Qf2 32. Be4 Qxe3 33. Bg2 1-0

[Event "Chania op"]
[Site "Chania"]
[Date "1999.08.24"]
[Round "5"]
[White "Kourkounakis, Ilias"]
[Black "Theofilopoulos, Aristotelis"]
[Result "1/2-1/2"]
[WhiteElo "2405"]
[BlackElo "2170"]
[PlyCount "48"]
[EventDate "1999.08.20"]
[EventType "swiss"]
[EventRounds "9"]
[EventCountry "GRE"]
[SourceTitle "EXT 2007"]
[Source "ChessBase"]
[SourceDate "2006.11.23"]
[SourceVersion "1"]
[SourceVersionDate "2006.11.23"]
[SourceQuality "1"]

1. c4 Nf6 2. Nc3 e6 3. e4 c5 4. e5 Ng8 5. Nf3 Nc6 6. d4 cxd4 7. Nxd4 Nxe5 8. Ndb5 d6 9. c5 a6 10. Nxd6+ Bxd6 11. cxd6 Nf6 12. f4 Ng6 13. Be3 Bd7 14. Be2 Bc6 15. 0-0 0-0 16. f5 exf5 17. Rxf5 Qd7 18. Rf2 Qe6 19. Qd4 Rad8 20. Rd1 Rd7 21. Rxf6 gxf6 22. Bg4 Rxd6 23. Bxe6 Rxd4 24. Bxf7+ Kxf7 1/2-1/2

[Event "GRE-chT 28th"]
[Site "Kavala"]
[Date "1999.??.??"]
[Round "?"]
[White "Souleidis, Georgios"]
[Black "Theofilopoulos, Aristotelis"]
[Result "1-0"]
[WhiteElo "2383"]
[BlackElo "2170"]
[PlyCount "131"]
[EventDate "1999.??.??"]
[EventType "team"]
[EventRounds "8"]
[EventCountry "GRE"]
[SourceTitle "EXT 2002"]
[Source "ChessBase"]
[SourceDate "2001.11.25"]
[SourceVersion "1"]
[SourceVersionDate "2001.11.25"]
[SourceQuality "1"]

1. e4 c5 2. Nf3 e6 3. Nc3 Nc6 4. g3 d6 5. Bg2 g6 6. d4 Bg7 7. dxc5 dxc5 8. Qxd8+ Kxd8 9. Be3 b6 10. 0-0-0+ Ke7 11. e5 Bb7 12. Bg5+ f6 13. exf6+ Bxf6 14. Rhe1 Nd8 15. Nd5+ Bxd5 16. Rxd5 h6 17. Bf4 Rc8 18. Rd2 g5 19. Bd6+ Kf7 20. Ne5+ Bxe5 21. Bxe5 Nf6 22. Re3 Rf8 23. Rf3 Kg6 24. Rxf6+ Rxf6 25. Be4+ Kg7 26. Rd7+ Nf7 27. Rxa7 c4 28. Rb7 Rc5 29. Bd4 Rb5 30. Bc6 Ra5 31. Bxf6+ Kxf6 32. a4 Nd8 33. Rxb6 Nxc6 34. Rxc6 Rxa4 35. Kd2 Ke5 36. Kc3 Kd5 37. Rc8 e5 38. Rd8+ Ke4 39. Rh8 Ra6 40. Rf8 Rc6 41. g4 Rb6 42. h3 Rc6 43. Rf5 Rb6 44. f3+ Ke3 45. Rxe5+ Kxf3 46. Rc5 Kg3 47. Rxc4 Kxh3 48. b4 Kh4 49. Kb3 h5 50. gxh5+ g4 51. Rd4 Kxh5 52. c4 Kg5 53. c5 Rb8 54. c6 Kf5 55. Kc4 g3 56. b5 g2 57. Rd1 Ke6 58. Kc5 Ke7 59. Re1+ Kd8 60. Rg1 Kc7 61. Rxg2 Rh8 62. Rg7+ Kb8 63. Kb6 Rf8 64. Rb7+ Ka8 65. Ra7+ Kb8 66. c7+ 1-0

[Event "GRE-chT 28th"]
[Site "Kavala"]
[Date "1999.??.??"]
[Round "?"]
[White "Theofilopoulos, Aristotelis"]
[Black "Mastrokoukos, Georgios"]
[Result "0-1"]
[WhiteElo "2170"]
[BlackElo "2375"]
[PlyCount "50"]
[EventDate "1999.??.??"]
[EventType "team"]
[EventRounds "8"]
[EventCountry "GRE"]
[SourceTitle "EXT 2002"]
[Source "ChessBase"]
[SourceDate "2001.11.25"]
[SourceVersion "1"]
[SourceVersionDate "2001.11.25"]
[SourceQuality "1"]

1. d4 Nf6 2. Nf3 d6 3. Bg5 Nbd7 4. Nbd2 h6 5. Bh4 e5 6. dxe5 dxe5 7. e4 Bc5 8. Bd3 Qe7 9. c3 a5 10. Qe2 Nf8 11. Nc4 Ng6 12. Bg3 Nh5 13. Nfd2 Ngf4 14. Qf3 Bg4 15. Qxg4 Nxd3+ 16. Ke2 Nhf4+ 17. Bxf4 Nxf4+ 18. Kf1 0-0 19. Qf5 Nd3 20. Ke2 Rfd8 21. a4 Ra6 22. Rhf1 Rf6 23. Qg4 Rg6 24. Qf3 Nf4+ 25. Kd1 Rd3 0-1

[Event "Ikaria op"]
[Site "Ikaria"]
[Date "1997.??.??"]
[Round "?"]
[White "Nikolaidis, Konstantinos"]
[Black "Theofilopoulos, Aristotelis"]
[Result "1-0"]
[WhiteElo "2340"]
[BlackElo "2120"]
[PlyCount "57"]
[EventDate "1997.??.??"]
[EventType "swiss"]
[EventRounds "9"]
[EventCountry "GRE"]
[SourceTitle "EXT 2003"]
[Source "ChessBase"]
[SourceDate "2002.11.25"]
[SourceVersion "1"]
[SourceVersionDate "2002.11.25"]
[SourceQuality "1"]

1. d4 Nf6 2. c4 e6 3. Nc3 d5 4. cxd5 exd5 5. Bg5 Be7 6. e3 h6 7. Bh4 0-0 8. Bd3 b6 9. Nge2 Bb7 10. Bxf6 Bxf6 11. b4 c5 12. bxc5 bxc5 13. Rb1 cxd4 14. Nxd4 Bxd4 15. exd4 Re8+ 16. Ne2 Qe7 17. 0-0 Nc6 18. Qa4 Rab8 19. Rfc1 Rec8 20. Rxc6 Bxc6 21. Rxb8 Rxb8 22. Qxc6 Qa3 23. Qc7 Qxd3 24. Qxb8+ Kh7 25. Ng3 Qxd4 26. Qb1+ g6 27. Nf1 a5 28. Ne3 Qc5 29. Qb7 1-0